<?xml version="1.0" encoding="UTF-8"?>
<collection xmlns="http://www.loc.gov/MARC21/slim">
<record>
  <controlfield tag="001">163861</controlfield>
  <controlfield tag="005">20251107115329.0</controlfield>
  <datafield tag="024" ind1="7" ind2=" ">
    <subfield code="2">doi</subfield>
    <subfield code="a">10.20873/2526-1487e023017</subfield>
  </datafield>
  <datafield tag="024" ind1="8" ind2=" ">
    <subfield code="2">sideral</subfield>
    <subfield code="a">146020</subfield>
  </datafield>
  <datafield tag="037" ind1=" " ind2=" ">
    <subfield code="a">ART-2023-146020</subfield>
  </datafield>
  <datafield tag="041" ind1=" " ind2=" ">
    <subfield code="a">por</subfield>
  </datafield>
  <datafield tag="100" ind1=" " ind2=" ">
    <subfield code="a">Pedersoli, Mariana Martins</subfield>
  </datafield>
  <datafield tag="245" ind1=" " ind2=" ">
    <subfield code="a">Influência das práticas de gestão e experiências de restauro no desempenho individual</subfield>
  </datafield>
  <datafield tag="260" ind1=" " ind2=" ">
    <subfield code="c">2023</subfield>
  </datafield>
  <datafield tag="520" ind1="3" ind2=" ">
    <subfield code="a">Esta pesquisa teve o propósito descrever a influência das práticas de gestão de pessoas e experiências de restauro no desempenho laboral individual. Trata-se de um estudo correlacional em que foram aplicados questionários com trabalhadores de organizações privadas e públicas. Estes questionários tiveram os seguintes instrumentos: Questionário de Desempenho no Trabalho Individual – IWPQ; Escala de Práticas de Gestão de Pessoas e Escala de Experiências de Restauro. Responderam à pesquisa 425 colaboradores. Foram conduzidas análises para verificação da qualidade psicométrica dos instrumentos utilizados e testagem de modelo por meio de regressão linear múltipla. Posteriormente deu-se seguimento à testagem do modelo por meio das regressões lineares múltiplas. O desempenho de tarefa teve 26% de variância explicada, sendo que os fatores que contribuíram significativamente foram práticas de suporte ao desempenho (b = 0,329; p &amp;lt; 0,000), relaxamento (b = -0,139; p &amp;lt; 0,005) e controle (b = 0,146; p &amp;lt; 0,005). Nenhum fator de práticas de gestão de pessoas obteve contribuição individual significativa para desempenho de contexto ou desempenho contraprodutivo. Tais resultados chamam atenção para o potencial dos construtos utilizados para predizer desempenho e sinalizam importantes implicações para a gestão.</subfield>
  </datafield>
  <datafield tag="506" ind1="0" ind2=" ">
    <subfield code="a">Access copy available to the general public</subfield>
    <subfield code="f">Unrestricted</subfield>
  </datafield>
  <datafield tag="540" ind1=" " ind2=" ">
    <subfield code="9">info:eu-repo/semantics/openAccess</subfield>
    <subfield code="a">by-nc</subfield>
    <subfield code="u">https://creativecommons.org/licenses/by-nc/4.0/deed.es</subfield>
  </datafield>
  <datafield tag="655" ind1=" " ind2="4">
    <subfield code="a">info:eu-repo/semantics/article</subfield>
    <subfield code="v">info:eu-repo/semantics/publishedVersion</subfield>
  </datafield>
  <datafield tag="700" ind1=" " ind2=" ">
    <subfield code="a">Queiroga, Fabiana</subfield>
  </datafield>
  <datafield tag="700" ind1=" " ind2=" ">
    <subfield code="a">Pérez-Nebra, Amalia Raquel</subfield>
    <subfield code="u">Universidad de Zaragoza</subfield>
    <subfield code="0">(orcid)0000-0001-8386-1233</subfield>
  </datafield>
  <datafield tag="710" ind1="2" ind2=" ">
    <subfield code="1">4009</subfield>
    <subfield code="2">740</subfield>
    <subfield code="a">Universidad de Zaragoza</subfield>
    <subfield code="b">Dpto. Psicología y Sociología</subfield>
    <subfield code="c">Área Psicología Social</subfield>
  </datafield>
  <datafield tag="773" ind1=" " ind2=" ">
    <subfield code="g">8, Contínuo (2023), e023017 [15 pp.]</subfield>
    <subfield code="p">Trab. (En)Cena</subfield>
    <subfield code="t">Trabalho (En)Cena</subfield>
    <subfield code="x">2526-1487</subfield>
  </datafield>
  <datafield tag="856" ind1="4" ind2=" ">
    <subfield code="s">324711</subfield>
    <subfield code="u">http://zaguan.unizar.es/record/163861/files/texto_completo.pdf</subfield>
    <subfield code="y">Versión publicada</subfield>
  </datafield>
  <datafield tag="856" ind1="4" ind2=" ">
    <subfield code="s">2282174</subfield>
    <subfield code="u">http://zaguan.unizar.es/record/163861/files/texto_completo.jpg?subformat=icon</subfield>
    <subfield code="x">icon</subfield>
    <subfield code="y">Versión publicada</subfield>
  </datafield>
  <datafield tag="909" ind1="C" ind2="O">
    <subfield code="o">oai:zaguan.unizar.es:163861</subfield>
    <subfield code="p">articulos</subfield>
    <subfield code="p">driver</subfield>
  </datafield>
  <datafield tag="951" ind1=" " ind2=" ">
    <subfield code="a">2025-11-07-10:26:11</subfield>
  </datafield>
  <datafield tag="980" ind1=" " ind2=" ">
    <subfield code="a">ARTICLE</subfield>
  </datafield>
</record>
</collection>